[Event "GER-ch Seniors 22nd"]
[Site "Berlin"]
[Date "2010.08.19"]
[Round "4"]
[White "Ludwig, Egbert"]
[Black "Kaufmann, Hans"]
[Result "0-1"]
[WhiteElo "1162"]
[BlackElo "1394"]
[PlyCount "92"]
[EventDate "2010.08.16"]
[EventType "swiss"]
[EventRounds "9"]
[EventCountry "GER"]
[SourceTitle "CBM 138 Extra"]
[Source "ChessBase"]
[SourceDate "2010.10.29"]
[SourceVersion "1"]
[SourceVersionDate "2010.10.29"]
[SourceQuality "1"]

1. d4 d5 2. Nf3 e6 3. g3 Nf6 4. c4 c6 5. Qc2 Nbd7 6. Bg2 Be7 7. 0-0 0-0 8. b3 b6 9. Bb2 Bb7 10. Nbd2 Rc8 11. e4 dxe4 12. Nxe4 Nxe4 13. Qxe4 Nf6 14. Qe2 c5 15. Rfd1 Qc7 16. Rac1 Rfd8 17. dxc5 Qxc5 18. Bd4 Qc6 19. Rc3 Nd7 20. Rcd3 f6 21. Re3 e5 22. Bb2 Bc5 23. Rc3 Bd4 24. Rc2 Bxb2 25. Rxb2 Nc5 26. Rbb1 Ne4 27. Qe3 Ng5 28. Ne1 e4 29. h4 Nf3+ 30. Nxf3 exf3 31. Bh3 Rxd1+ 32. Rxd1 Re8 33. Qd3 Qe4 34. Qxe4 Bxe4 35. Re1 Bc6 36. Rd1 g6 37. Rd6 Re1+ 38. Bf1 Be4 39. Rd2 f5 40. b4 Rc1 41. Rd4 Kg7 42. Rd7+ Kh6 43. Rc7 Bd3 44. c5 Bxf1 45. c6 Bg2+ 46. Kh2 Rh1# 0-1

[Event "GER-ch Seniors 22nd"]
[Site "Berlin"]
[Date "2010.08.18"]
[Round "3"]
[White "Kaufmann, Hans"]
[Black "Lichtblau, Ernst"]
[Result "0-1"]
[WhiteElo "1394"]
[BlackElo "1595"]
[PlyCount "98"]
[EventDate "2010.08.16"]
[EventType "swiss"]
[EventRounds "9"]
[EventCountry "GER"]
[SourceTitle "CBM 138 Extra"]
[Source "ChessBase"]
[SourceDate "2010.10.29"]
[SourceVersion "1"]
[SourceVersionDate "2010.10.29"]
[SourceQuality "1"]

1. e4 c6 2. Nf3 d5 3. Nc3 e6 4. d3 Ne7 5. Be2 d4 6. Nb1 e5 7. c3 Ng6 8. cxd4 exd4 9. Qa4 Bc5 10. b4 b5 11. Qb3 Be7 12. 0-0 a5 13. Bd2 Bb7 14. Qb2 axb4 15. Bxb4 Bxb4 16. Qxb4 Ra4 17. Qd2 0-0 18. Bd1 Ra5 19. Qb4 Qb6 20. a4 c5 21. Qb2 b4 22. Nbd2 Ra8 23. Nc4 Qd8 24. Bb3 Nc6 25. Qd2 Na5 26. Nxa5 Rxa5 27. Ne1 Qe7 28. f4 Kh8 29. f5 Ne5 30. Nf3 f6 31. Nxe5 Qxe5 32. Qf4 Qxf4 33. Rxf4 Re8 34. g4 Bc6 35. h4 Rea8 36. g5 Bxa4 37. Bd5 R8a7 38. gxf6 gxf6 39. Rg4 Rg7 40. Rxg7 Kxg7 41. Bb3 Bxb3 42. Rxa5 Bc2 43. Rxc5 Bxd3 44. e5 fxe5 45. Rxe5 b3 46. Rd5 b2 47. Rd7+ Kf6 48. Rb7 b1Q+ 49. Rxb1 Bxb1 0-1

[Event "GER-ch Seniors 22nd"]
[Site "Berlin"]
[Date "2010.08.16"]
[Round "1"]
[White "Kaufmann, Hans"]
[Black "Muehlhan, Klaus"]
[Result "0-1"]
[WhiteElo "1394"]
[BlackElo "1826"]
[PlyCount "126"]
[EventDate "2010.08.16"]
[EventType "swiss"]
[EventRounds "9"]
[EventCountry "GER"]
[SourceTitle "CBM 138 Extra"]
[Source "ChessBase"]
[SourceDate "2010.10.29"]
[SourceVersion "1"]
[SourceVersionDate "2010.10.29"]
[SourceQuality "1"]

1. e4 c5 2. Nf3 e6 3. d4 cxd4 4. Nxd4 a6 5. Nc3 d6 6. Be2 b6 7. a3 Bb7 8. 0-0 Nd7 9. Be3 Ngf6 10. f3 Be7 11. Qd2 0-0 12. Rad1 Qc7 13. Bf2 Rfd8 14. Bg3 Rac8 15. Bd3 Ne5 16. f4 Nxd3 17. cxd3 e5 18. Nf5 Bf8 19. fxe5 dxe5 20. Qg5 Kh8 21. Bh4 h6 22. Nxh6 gxh6 23. Qxf6+ Bg7 24. Qxf7 Qc5+ 25. Qf2 Rd4 26. Kh1 Qd6 27. Bf6 Rc7 28. Bxg7+ Rxg7 29. Qf8+ Rg8 30. Qxd6 Rxd6 31. Rf7 Bc8 32. h3 Be6 33. Rf6 Kg7 34. Rf3 Rgd8 35. Ne2 Bb3 36. Rd2 Rc6 37. Nc3 b5 38. Rdf2 Rcd6 39. Rg3+ Kh7 40. Rd2 Rb8 41. Ne2 b4 42. axb4 Rxb4 43. Ng1 Bc4 44. Nf3 Rxd3 45. Rxd3 Bxd3 46. Nxe5 Bxe4 47. b3 Bd5 48. Ng4 Rb6 49. Re3 Bxb3 50. Nf6+ Kg6 51. Nd7 Rb5 52. Rc3 a5 53. Rc5 Rxc5 54. Nxc5 a4 55. Kg1 Bc2 56. Nxa4 Bxa4 57. Kf2 Kg5 58. g3 Bc6 59. Ke3 Bg2 60. h4+ Kg4 61. Kf2 Bc6 62. Kg1 Kxg3 63. h5 Bf3 0-1